000 00576nam a2200217 i 4500
001 C2-0299808
003 PPAK
005 20180728081417.0
008 090826s1968 sw |||| ||||| | eng d
040 _aPPAK
_beng
_cPPAK
_erda
082 0 4 _a410
_223
090 0 0 _a410
_bTAU
_dKIH
100 1 _aTauli, valter,
_eauthor
245 1 0 _aIntriduction to a theory of language planning
264 1 _aUppsala, Sweden :
_c1968
300 _a227 pages ;
_c24 cm
336 _2rdacontent
_atext
337 _2rdamedia
_aunmediated
338 _2rdacarrier
_avolume
942 _ddc
_cB
999 _c103731
_d103731